000 00849nac a22002777a 4500
001 BR9100710
003 BR-BrBNA
005 20240105121138.0
008 230509b bl.|||m| |||| 00| 0 por d
040 _aBR-BrBNA
_bpor
_cBiblioteca Nacional de Agricultura
072 _aK10
090 _a3000 BR9100710
100 1 _aDaniel, O.
100 1 _aYared, J.A.G.
110 1 _aFaculdade de Ciencias Agrarias do Para, Belem (Brasil)
245 1 _aProcedimento para analise de tronco de especies florestais
260 3 _aBelem, PA (Brasil):
_c1987.
300 _a36 p.
490 _aFCAP. Informe Didatico (Brazil)
_vno. 7
_xISSN 0100-9923
500 _a8 ref.; 7 tables; Summary (Pt)
650 _aARVORE FLORESTAL
650 _aDENDROMETRIA
650 _aPARA
909 _a202312
_bLúcia Elande
_c55
_dLúcia Elande
942 _2AGRIS
_n0
_cMS
999 _c283563
_d283563